Statistics for Metallica

Click here to take the quiz!

General Stats

  • This quiz has been taken 131 times
  • The average score is 17 of 20

Answer Stats

HintAnswer% Correct
take my __Hand
97%
exit __Light
97%
enter__Night
97%
gripping you __ tightPillow
97%
sleep with one__ __Eye open
96%
off to __ __ landNever Never
96%
until the sandman he__Comes
95%
don't__,my sonForget
95%
to__everyoneInclude
94%
keep you__from sinFree
89%
say your_little onePrayers
89%
warm__Within
89%
I__you inTuck
88%
dreams of __War
80%
heavy __ tonightThoughts
77%
something's wrong, __ the lightShut
69%
and they aren't of __ __Snow white
68%
Dreams of__Dragons Fire
66%
and things that will __, yeahBite
63%
Dreams of __Liars
44%

Score Distribution

Percentile by Number Answered

Percent of People with Each Score

Your Score History

You have not taken this quiz